A bibliography of Bible study for theological students. (Record no. 226)

MARC details
000 -LEADER
fixed length control field 00794cam a2200229u 4500
001 - CONTROL NUMBER
control field 8356549
003 - CONTROL NUMBER IDENTIFIER
control field GBCCL
005 - DATE AND TIME OF LATEST TRANSACTION
control field 20241126110333.0
008 - FIXED-LENGTH DATA ELEMENTS--GENERAL INFORMATION
fixed length control field 810515s1948 nju b 100 0 eng
010 ## -
-- 49002797
040 ## - CATALOGING SOURCE
Original cataloging agency DLC
Transcribing agency CarP
Modifying agency gbc
082 ## - DEWEY DECIMAL CLASSIFICATION NUMBER
Classification number 010
Item number BIB
110 2# - MAIN ENTRY--CORPORATE NAME
Corporate name or jurisdiction name as entry element Princeton Theological Seminary.
Subordinate unit Library.
9 (RLIN) 70
245 12 - TITLE STATEMENT
Title A bibliography of Bible study for theological students.
260 ## - PUBLICATION, DISTRIBUTION, ETC.
Place of publication, distribution, etc. Princeton:
Date of publication, distribution, etc. C1948.
Name of publisher, distributor, etc. THE THEOLOGICAL SEMINARY LIBRARY,
300 ## - PHYSICAL DESCRIPTION
Extent 85 p.
Dimensions 24 cm.
630 00 - SUBJECT ADDED ENTRY--UNIFORM TITLE
Uniform title Bible
General subdivision Study and teaching
Form subdivision Bibliography.
9 (RLIN) 71
650 #0 - SUBJECT ADDED ENTRY--TOPICAL TERM
Topical term or geographic name entry element Biblical Studies - Bibliography
9 (RLIN) 72
810 2# -
-- Princeton Theological Seminary.
-- Princeton Seminary pamphlets,
-- no. 1. [from old catalog]
-- 73
906 ## - LOCAL DATA ELEMENT F, LDF (RLIN)
a 0
b cbc
c premunv
d u
e ncip
f 19
g y-gencatlg
942 ## - ADDED ENTRY ELEMENTS (KOHA)
Source of classification or shelving scheme Dewey Decimal Classification
Koha item type Books
Holdings
Withdrawn status Lost status Source of classification or shelving scheme Damaged status Not for loan Home library Current Library Shelving location Date acquired Total checkouts Full call number Barcode Date last seen Copy number Price effective from Koha item type
    Dewey Decimal Classification     GRACE BIBLE COLLEGE GRACE BIBLE COLLEGE General Studies 2016-10-10   010 BIB 004389 2025-05-01 c.1 2016-10-10 Books
© Grace Bible College Library 2025